[Event "Toronto NAYCC U12"]
[Site "Toronto"]
[Date "2013.08.18"]
[Round "9"]
[White "Markarov, Stefan"]
[Black "Pierre, Dashwood"]
[Result "1-0"]
[WhiteElo "1284"]
[BlackElo "886"]
[PlyCount "27"]
[EventDate "2013.08.14"]
[EventType "swiss"]
[EventRounds "9"]
[EventCountry "CAN"]
[SourceTitle "EXT 2022"]
[Source "ChessBase"]
[SourceDate "2021.10.06"]
[SourceVersion "1"]
[SourceVersionDate "2021.10.06"]
[SourceQuality "1"]

1. e4 e5 2. Nf3 Nc6 3. Nc3 Nf6 4. d4 exd4 5. Nxd4 Nxd4 6. Qxd4 Be7 7. e5 Nh5 8. Be2 g6 9. e6 fxe6 10. Qxh8+ Kf7 11. Qxh7+ Ke8 12. Qxg6+ Kf8 13. Bxh5 Bc5 14. Qf7# 1-0

[Event "Toronto NAYCC U12"]
[Site "Toronto"]
[Date "2013.08.17"]
[Round "6"]
[White "Markarov, Stefan"]
[Black "Liu, Ryan"]
[Result "0-1"]
[WhiteElo "1284"]
[BlackElo "1090"]
[PlyCount "144"]
[EventDate "2013.08.14"]
[EventType "swiss"]
[EventRounds "9"]
[EventCountry "CAN"]
[SourceTitle "EXT 2022"]
[Source "ChessBase"]
[SourceDate "2021.10.06"]
[SourceVersion "1"]
[SourceVersionDate "2021.10.06"]
[SourceQuality "1"]

1. c4 c6 2. Nc3 d5 3. e3 Nf6 4. Nf3 Bg4 5. Be2 Nbd7 6. h3 Bxf3 7. Bxf3 dxc4 8. b3 cxb3 9. Qxb3 Nc5 10. Qc4 e6 11. 0-0 Be7 12. Ne4 Ncxe4 13. Bxe4 Nxe4 14. Qxe4 Qd5 15. f3 Bf6 16. Rb1 Qxa2 17. Rxb7 Qd5 18. Qb4 Qd8 19. Bb2 Bxb2 20. Qxb2 0-0 21. Rb4 Rb8 22. Rc1 Qd6 23. Rb1 Rxb4 24. Qxb4 Qxb4 25. Rxb4 a5 26. Rb6 Ra8 27. Rxc6 a4 28. Rc2 Kf8 29. Ra2 Ke7 30. d4 Kd6 31. Kf1 Kd5 32. Ke1 Kc4 33. Kd1 Kb3 34. Ra1 Kb2 35. Rc1 a3 36. Rc2+ Kb3 37. Kc1 a2 38. Rb2+ Ka3 39. Rxa2+ Kxa2 40. Kc2 Rc8+ 41. Kd3 Kb3 42. Ke4 Rc3 43. g4 Kc4 44. f4 f5+ 45. gxf5 exf5+ 46. Kxf5 Rxe3 47. h4 Kxd4 48. h5 Re4 49. Kg5 Ke3 50. f5 Re5 51. h6 gxh6+ 52. Kf6 Kf4 53. Kg7 Rxf5 54. Kxh6 Re5 55. Kxh7 Re6 56. Kg7 Kf5 57. Kf7 Re5 58. Kg7 Re7+ 59. Kf8 Rh7 60. Kg8 Kg6 61. Kf8 Rg7 62. Ke8 Rf7 63. Kd8 Kf6 64. Kc8 Re7 65. Kb8 Rd7 66. Kc8 Ke6 67. Kb8 Kd6 68. Kc8 Kc6 69. Kb8 Rc7 70. Ka8 Kb6 71. Kb8 Rc4 72. Ka8 Rc8# 0-1

[Event "Toronto NAYCC U12"]
[Site "Toronto"]
[Date "2013.08.16"]
[Round "5"]
[White "Yang, Michael"]
[Black "Markarov, Stefan"]
[Result "0-1"]
[WhiteElo "387"]
[BlackElo "1284"]
[PlyCount "60"]
[EventDate "2013.08.14"]
[EventType "swiss"]
[EventRounds "9"]
[EventCountry "CAN"]
[SourceTitle "EXT 2022"]
[Source "ChessBase"]
[SourceDate "2021.10.06"]
[SourceVersion "1"]
[SourceVersionDate "2021.10.06"]
[SourceQuality "1"]

1. e4 c5 2. d4 cxd4 3. Qxd4 Nc6 4. Qc4 e6 5. Nc3 Nf6 6. Bg5 Be7 7. 0-0-0 Ng4 8. Rd2 Bxg5 9. f3 Bxd2+ 10. Kxd2 Nf2 11. b3 Nxh1 12. Nb5 0-0 13. Nd6 Ne5 14. Qd4 Qg5+ 15. Kd1 Nc6 16. Qc3 Qf4 17. Nh3 Qxd6+ 18. Bd3 Ne5 19. Nf4 Nxd3 20. Nh5 Nf4+ 21. Ke1 Nxh5 22. e5 Qc6 23. Qd2 f6 24. exf6 Rxf6 25. g4 Qxf3 26. Qg5 Qf1+ 27. Kd2 Qg2+ 28. Kd3 Nf2+ 29. Kc3 Ne4+ 30. Kc4 Nxg5 0-1

[Event "Toronto NAYCC U12"]
[Site "Toronto"]
[Date "2013.08.15"]
[Round "3"]
[White "Markarov, Stefan"]
[Black "Mikhaylov, Dimitry"]
[Result "1-0"]
[WhiteElo "1284"]
[BlackElo "982"]
[PlyCount "69"]
[EventDate "2013.08.14"]
[EventType "swiss"]
[EventRounds "9"]
[EventCountry "CAN"]
[SourceTitle "EXT 2022"]
[Source "ChessBase"]
[SourceDate "2021.10.06"]
[SourceVersion "1"]
[SourceVersionDate "2021.10.06"]
[SourceQuality "1"]

1. c4 e5 2. Nc3 Nf6 3. d3 Bb4 4. Bd2 Nc6 5. a3 Bc5 6. b4 Bd4 7. b5 Na5 8. Nf3 Bc5 9. Ne4 Bb6 10. c5 d5 11. Nxf6+ Qxf6 12. cxb6 cxb6 13. Bxa5 bxa5 14. d4 e4 15. Ne5 0-0 16. e3 b6 17. g3 Qe6 18. Bg2 f6 19. Nc6 f5 20. Bh3 Qh6 21. Bg2 f4 22. Ne7+ Kh8 23. Nxc8 Raxc8 24. 0-0 fxe3 25. fxe3 Qxe3+ 26. Kh1 Qh6 27. Rxf8+ Rxf8 28. Qc2 e3 29. Rf1 Re8 30. Re1 Rd8 31. Qc7 Re8 32. Qc3 Kg8 33. Bxd5+ Kh8 34. Qc6 Qg5 35. Qxe8# 1-0